| 000 | 00731nam a2200265Ia 4500 | ||
|---|---|---|---|
| 001 | Para_7143 | ||
| 003 | CHAP | ||
| 008 | 220125s1922 xx 000 0 und d | ||
| 010 | _a206029 | ||
| 040 | _cCHAP | ||
| 082 | _aPA 634.61 B6 | ||
| 100 |
_aBondaz, Gregorio _9172167 |
||
| 245 |
_aInsectos nocivos e molestias do coqueiro cocos nucifera no Brasil / _c por Gregorio Bondaz |
||
| 260 |
_aRua da Misericordia, B. : _b Bahia |
||
| 300 | _a111 p. | ||
| 650 |
_aCoco _x enfermedades _924241 |
||
| 650 |
_aCoco _x plagas _924262 |
||
| 901 | _aPA 634.61 B6 | ||
| 902 | _aA | ||
| 905 | _a0000001922 a 0000000000 00 | ||
| 910 | _a1922 | ||
| 942 | _cPARA | ||
| 942 |
_cPARA _d1 |
||
| 999 |
_c206029 _d206029 |
||